| 000 | 00625nam a22001817a 4500 | ||
|---|---|---|---|
| 008 | 160312b xxu||||| |||| 00| 0 eng d | ||
| 020 | _a971-8974-01-6 | ||
| 082 |
_22006 _aDFil 371.12076 _bP19r |
||
| 100 |
_96672 _aSan Jose-Pangan, Marina T. |
||
| 245 |
_aReviewer licensure examination for teachers (LET)/ _cMarina T. San Jose-Pangan |
||
| 250 | _a2006 Edition | ||
| 260 |
_aQuezon City: _bMegaminds Systems, Inc., _cc2010. |
||
| 300 |
_avi, 137 pages: _c27 cm. |
||
| 650 | 0 |
_96673 _aEducation _xReviewer _vExaminations, questions, etc. |
|
| 700 |
_96674 _aDuque-Novales, Mamerto |
||
| 365 |
_b230.00 _cPhp |
||
| 942 |
_2ddc _cDFIL |
||
| 999 |
_c2071 _d2071 |
||